000 00603nam a2200181 i 4500
001 121965
003 ES-MaACL
005 20240221144956.0
007 t|
008 070214s1968 sp r ||||1| spa d
100 1 _aPosada, Eduardo.
_993320
245 1 4 _aLos orígenes del pensamiento marxista en latinoamérica
_b: política y cultura en José Carlos Mariátegui /
_cEduardo Posada.
260 _aMadrid :
_bCiencia Nueva Smar,
_c1968.
300 _a89 p. ;
_c17 cm.
600 1 4 _aMariátegui, José Carlos,
_d1894-1930
_976693
852 _aES-MaACL
_jC-30618
_bR.67094
999 _c121965
_d121965